Informatika i bibliotekovedenije : obščije tendencii v razvitii i prepodavanii /

Uložené v:
Podrobná bibliografia
Hlavný autor: Giljarevskij, Rudžero Sergejevič 1929- (Author)
Médium: Kniha
Jazyk:Russian
Vydané: Moskva : Nauka, 1974.
Vydanie:1. izd.
ISBN: (brož.)
Fyzický popis: 200 s.
Tagy: Pridať tag
Žiadne tagy, Buďte prvý kto otaguje tento záznam!

MARC

LEADER 00000nam a22000001a 4500
001 000117607
005 20091013103627.0
008 971122s1974 ru rus d
020 |a (brož.) 
040 |a SVKKK  |b slo  |c SVKKK  |e AACR2 
041 0 |a rus 
044 |a ru  |c RU 
100 1 |a Giljarevskij, Rudžero Sergejevič  |d 1929-  |4 aut 
245 1 0 |a Informatika i bibliotekovedenije :  |b obščije tendencii v razvitii i prepodavanii /  |c Rudžero Sergejevič Giljarevskij. 
250 |a 1. izd. 
260 |a Moskva :  |b Nauka,  |c 1974. 
300 |a 200 s. 
504 |a Obsahuje bibliografiu a register 
910 |a svkkk 
998 |a BK 
090 |g SCKHL  |k Sklad Pribinova 2. posch.  |a II.216393  |j 527513  |i 117607-10  |s Absenčne